Prevod vlastníctva nehnuteľného majetku obce priamym predajom

Odlíšenie spôsobu prevodu vlastníctva nehnuteľného majetku obce priamym predajom od iných spôsobov.

Guardado en:
Detalles Bibliográficos
Autor principal: Briestenský, Ladislav
Formato: Capítulo de libro
Lenguaje:eslovaco
Materias:
Etiquetas: Agregar Etiqueta
Sin Etiquetas, Sea el primero en etiquetar este registro!

MARC

LEADER 00000naa a2200000 4500
001 0173635
005 20231208082939.5
041 0 |a slo 
044 |a SK 
245 1 0 |a Prevod vlastníctva nehnuteľného majetku obce priamym predajom  |c Ladislav Briestenský 
520 |a Odlíšenie spôsobu prevodu vlastníctva nehnuteľného majetku obce priamym predajom od iných spôsobov. 
610 2 0 |a majetok 
610 2 0 |a vlastníctvo obecné 
610 2 0 |a predaj priamy 
610 2 0 |a prevod majetku 
100 1 |a Briestenský, Ladislav